000
00262nam a2200109Ia 4500
005
20250424120229.0
008
250424s9999 xx 000 0 und d
022
_a
TA 455 .C58/
050
_a
Civil, earth and water engineering
260
_a
CRC Press
650
_a
SR
999
_c
38131
_d
38131